Mobile Computing (Record no. 7432)

MARC details
000 -LEADER
fixed length control field 00304nam a2200133Ia 4500
008 - FIXED-LENGTH DATA ELEMENTS--GENERAL INFORMATION
fixed length control field 191201s2011 xx 000 0 und d
100 ## - MAIN ENTRY--PERSONAL NAME
Personal name SHARMA,Vishnu
245 #0 - TITLE STATEMENT
Title Mobile Computing
250 ## - EDITION STATEMENT
Edition statement 2nd Rep
260 ## - PUBLICATION, DISTRIBUTION, ETC. (IMPRINT)
Date of publication, distribution, etc 2011
Name of publisher, distributor, etc S.K.Kataria
Place of publication, distribution, etc N. delhi
300 ## - PHYSICAL DESCRIPTION
Extent 308
650 ## - SUBJECT ADDED ENTRY--TOPICAL TERM
Topical term or geographic name as entry element CSE
942 ## - ADDED ENTRY ELEMENTS (KOHA)
Source of classification or shelving scheme Dewey Decimal Classification
Koha item type Book Bank
942 ## - ADDED ENTRY ELEMENTS (KOHA)
-- 2
Holdings
Withdrawn status Lost status Source of classification or shelving scheme Damaged status Not for loan Collection code Home library Current library Date acquired Source of acquisition Cost, normal purchase price Bill Number Total Checkouts Acc. no. / Barcode Date last seen Date last borrowed Bill Date Koha item type
    Dewey Decimal Classification     B.Tech(CSE) PIET C-LIBRARY PIET C-LIBRARY 26/03/2011 The book company 165.00 IN 7434 Rs 144 1 BB6453 08/10/2020 16/03/2020 26/03/2011 Book Bank
    Dewey Decimal Classification     B.Tech(CSE) PIET C-LIBRARY PIET C-LIBRARY 26/03/2011 The book company 165.00 IN 7434 Rs 144   BB6454 04/12/2019   26/03/2011 Book Bank
    Dewey Decimal Classification     B.Tech(CSE) PIET C-LIBRARY PIET C-LIBRARY 26/03/2011 The book company 165.00 IN 7434 Rs 144   BB6455 04/12/2019   26/03/2011 Book Bank
    Dewey Decimal Classification     B.Tech(CSE) PIET C-LIBRARY PIET C-LIBRARY 26/03/2011 The book company 165.00 IN 7434 Rs 144 1 BB6456 24/07/2020 16/03/2020 26/03/2011 Book Bank

Design & Developed by: PIET Central Library
R70 Miles Stone Pattikalyana Samalkha Panipat 132102
mail ID :- [email protected], Phone No:- 0180-2569700 Ex.216